Интерпретации на класически текстове от българската литература (Запис номер 4800)
[ съкратено ]
| 000 -Лидер | |
|---|---|
| Контролно поле с фиксирана дължина | nam a22 a 4500 |
| 003 - Код на организацията, давaща контролен номер | |
| Контролно поле | BLK |
| 005 - Дата и час на последна редакция | |
| Контролно поле | 20230407030343.0 |
| 008 - Елементи от данни с фиксирана дължина | |
| fixed length control field | 180412b bul|||||r ||||||| ||bul|| |
| 010 ## - Наследен системен номер | |
| LC control number | KNG00005965000 |
| 020 ## - Международен стандартен номер на книга ISBN | |
| Международен стандартен номер на книга ISBN | 954-8164-06-Х |
| 040 ## - Източник на каталожния запис | |
| Идентификатор на билиотеката - собственик на записа | BLK |
| 041 ## - Код за език | |
| Код за езика на текст/звукозапис или на отделно заглавие | Български |
| Код за езика КДБФ | Български |
| 080 ## - УДК | |
| Текстов определител УДК | Българска литература |
| УДК код - определител по УДК | 821.163.2 |
| УДК определител | .09(07) |
| УДК - код + определител | 821.163.2.09(07) |
| 139 ## - Редно поле | |
| Редна дума | Интерпретации на класически текстове от българската литература |
| Авторски знак | Инт - И 72 |
| 245 10 - Сведения за заглавието | |
| Заглавие | Интерпретации на класически текстове от българската литература |
| Подзаглавни данни | В помощ на учители и ученици : Ч. 1 - |
| Редно поле (дума) | авт. на том Добрин Добрев. |
| Том | Ч. 2 |
| 257 ## - Страна на издаване | |
| Страна на създаване/издаване | България |
| 260 ## - Област на издателските данни | |
| Място на издаване, разпространение и проч. | Шумен |
| Име на издателя, разпространителя и проч. | Глаукс |
| Година на издаване | 1992 - |
| Печатница | Русе : Дунав прес |
| Издателство - префикс ISBN | 954-8164-06-X |
| 300 ## - Физическа характеристика | |
| Размери/Мащаб | 20 см |
| Страници | 109 с. |
| 380 ## - Жанр | |
| Жанр | Литературознание |
| 490 ## - СЕРИИ (Колекции) | |
| Име на серия | Нова литературна библиотека |
| 9 (RLIN) | 201162 |
| 490 1# - СЕРИИ (Колекции) | |
| Име на серия | Свит. 4 |
| 650 #4 - Допълнително описание по предмет – тема | |
| Основно описание – тема или топоним | Българска литература - учебни помагала |
| 9 (RLIN) | 242720 |
| 653 ## - Ключова дума – ненормативна | |
| Ключова дума | българска литература |
| 653 ## - Ключова дума – ненормативна | |
| Ключова дума | учебни помагала |
| 700 1# - Други автори (авторска отговорност) | |
| Лично име | Добрев, Добрин |
| Автороска отговорност (Описва отношението между автора и произведението) | авт. на том |
| 9 (RLIN) | 249203 |
| 760 1# - Описание на основната серия | |
| Място на издаване, издател и година | Глаукс, 1993 |
| Страници - том | 109 с. |
| Забележка - том | Други авт.: Р. Йовева, Е. Добрева, О. Ковачев, А. Алипиева, Л. Попова |
| Заглавие | Ч. 2 |
| 852 ## - Местоположение | |
| Форматна сигнатура | Цб 170924 |
| Фондова буква | Хранилище |
| 856 4# - Електронен адрес и достъп | |
| Електронен формат | pdf - файл |
| Път до файла /url/ | |
| Инструкция (цена за достъп) | 0.00 |
| Права за достъп | disable |
| 856 4# - Електронен адрес и достъп | |
| Електронен формат | pdf - файл |
| Път до файла /url/ | |
| Инструкция (цена за достъп) | 0.00 |
| Права за достъп | disable |
| 999 ## - СИСТЕМНИ КОНТРОЛНИ НОМЕРА | |
| Koha biblionumber | 4800 |
| Koha biblioitemnumber | 4800 |
| 942 ## - АРТИКУЛИ | |
| Вид на библиотечния материал | Книги |
| Скрит в OPAC | Не |
| Периодичен библиозапис | Да |
| 944 ## - СЪЗДАВАНЕ И РЕДАКЦИЯ на ЗАПИСА | |
| Създаване/Редакция | Създаване |
| Дата на регистрацията/редакция | 20.03.2003 |
| Служител, извършил регистрацията/редакцията | Кети_Илиева |
| 944 ## - СЪЗДАВАНЕ И РЕДАКЦИЯ на ЗАПИСА | |
| Създаване/Редакция | Редакция |
| Дата на регистрацията/редакция | 23.08.2005 |
| 999 ## - СИСТЕМНИ КОНТРОЛНИ НОМЕРА | |
| Koha biblioitemnumber | 4800 |
| Код за отписване | Код за изгубен артикул | Източник на класификационната схема | Код за повреда | Коз за рестрикции | Код за отдаване | Артикулен № | Име на библиотеката - собственик | Име на библиотеката, в която се намира в момента | Статус (Текущо местоположение) | Дата на вписване в системата | Местоположение - отдел | Цена в лева | Инвентарен номер | Систематично азбучна сигнатура | Баркод | Номер на екземпляра | Цена в евро | Служебна бележка | Служебен тип на артикула |
|---|---|---|---|---|---|---|---|---|---|---|---|---|---|---|---|---|---|---|---|
| Не е изгубен | Universal Decimal Classification | Не е повреден | без рестрикции | ползва се в читалня | 8499 | Регионална библиотека "Любен Каравелов" Русе | Регионална библиотека "Любен Каравелов" Русе | Хранилище | 1993-01-01 | Хранилище | 0.69 | 580343 | Цб 170924 | 120000580343 | 1 | 0.35 | Дост: Dp Вид: Д N: стар фонд Дата: 01.01.1993 | Книги | |
| Не е изгубен | Universal Decimal Classification | Не е повреден | без рестрикции | заемане за дома | 8500 | Регионална библиотека "Любен Каравелов" Русе | Регионална библиотека "Любен Каравелов" Русе | Заемна - подръчен фонд | 1993-01-01 | Заемна - подръчен фонд | 0.69 | 580172 | 821.163.2.09/И 72 | 120000580172 | 2 | 0.35 | Дост: Pk Вид: Ф N: стар фонд Дата: 01.01.1993 Дата инв: 07.02.2018 Бележки инв: П2018 | Книги | |
| Изтеглен | Не е изгубен | Universal Decimal Classification | Не е повреден | без рестрикции | заемане за дома | 8501 | Регионална библиотека "Любен Каравелов" Русе | Регионална библиотека "Любен Каравелов" Русе | Заемна - подръчен фонд | 1993-01-01 | Заемна - подръчен фонд | 1.37 | 580171 | П 886.7.09/И 72 | 580171 | 3 | 0.70 | Дост: Pk Вид: Ф N: стар фонд Дата: 01.01.1993 | Книги |